Southville International School and Colleges
Your cart is empty.
  • Cart
  • Lists
    Public lists list_1 View all
    Your lists Log in to create your own lists
  • Log in to your account
  • Your cookies
  • Search history
Southville International School and Colleges
  • Advanced search
  • Recent comments
  • Most popular
  • Libraries

Log in to your account

Log in with GOOGLE


If you do not have an external account, but do have a local account, you can still log in:

  1. Home
  2. MARC view: What turns women on /
Normal view MARC view ISBD view

What turns women on / (Record no. 284316)

[ view plain ]
MARC details
000 -LEADER
fixed length control field 00505nam a22001817a 4500
003 - CONTROL NUMBER IDENTIFIER
control field PILC
005 - DATE AND TIME OF LATEST TRANSACTION
control field 20150522144137.0
008 - FIXED-LENGTH DATA ELEMENTS--GENERAL INFORMATION
fixed length control field 150522b xxu||||| |||| 00| 0 eng d
020 ## - INTERNATIONAL STANDARD BOOK NUMBER
International Standard Book Number 345237757150
050 ## - LIBRARY OF CONGRESS CALL NUMBER
Classification number HQ 1075
Item number .C486 1974
100 ## - MAIN ENTRY--PERSONAL NAME
Personal name Chartham, Robert.
245 ## - TITLE STATEMENT
Title What turns women on /
Statement of responsibility, etc Robert Chartham.
260 ## - PUBLICATION, DISTRIBUTION, ETC. (IMPRINT)
Place of publication, distribution, etc NY :
Name of publisher, distributor, etc Penthouse International Ltd.,
Date of publication, distribution, etc 1974.
300 ## - PHYSICAL DESCRIPTION
Extent 207 pages ;
Dimensions 19 cm.
500 ## - GENERAL NOTE
General note Includes appendix.
650 ## - SUBJECT ADDED ENTRY--TOPICAL TERM
Topical term or geographic name as entry element Women
General subdivision Psychology.
942 ## - ADDED ENTRY ELEMENTS (KOHA)
Source of classification or shelving scheme Library of Congress Classification
Koha item type Books
Call number prefix Foreign
Holdings
Withdrawn status Lost status Source of classification or shelving scheme Damaged status Home library Current library Shelving location Date acquired Source of acquisition Total Checkouts Full call number Barcode Date last seen Price effective from Koha item type
    Library of Congress Classification   Archives Archives   05/22/2015 Library Fund   HQ 1075 .C486 1974 C19346 05/15/2018 05/22/2015 Books

What turns women on /

APA

Chartham R., . (1974). What turns women on. NY: Penthouse International Ltd.

Chicago

Chartham Robert, . 1974. What turns women on. NY: Penthouse International Ltd.

Harvard

Chartham R., . (1974). What turns women on. NY: Penthouse International Ltd.

MLA

Chartham Robert, . What turns women on. NY: Penthouse International Ltd. 1974.

  • Place hold
  • Print
  • Cite
  • Add to your cart (remove)
  • Save record
    BIBTEX Dublin Core MARCXML MARC (non-Unicode/MARC-8) MARC (Unicode/UTF-8) MARC (Unicode/UTF-8, Standard) MODS (XML) RIS
  • More searches
    Search for this title in:
    Other Libraries (WorldCat) Other Databases (Google Scholar) Online Stores (Bookfinder.com) Open Library (openlibrary.org)

Exporting to Dublin Core...

SOUTHVILLE LIBRARY

Southville International School and Colleges Library

1281 Tropical Ave. Cor. Luxembourg St., BF Homes International, Las Pinas City

Tel. No. 8256374 / 252358 Loc. 117/146

Powered by Koha